Kerjatangan dan permainan (Record no. 14967)

MARC details
000 -LEADER
fixed length control field 00723nam a2200241 i 4500
001 - CONTROL NUMBER
control field C2-0081991
003 - CONTROL NUMBER IDENTIFIER
control field PPAK
005 - DATE AND TIME OF LATEST TRANSACTION
control field 20180727084726.0
008 - FIXED-LENGTH DATA ELEMENTS--GENERAL INFORMATION
fixed length control field 970429s1985 my a|||| ||||| | may d
020 ## - INTERNATIONAL STANDARD BOOK NUMBER
International Standard Book Number 9679290077
040 ## - CATALOGING SOURCE
Original cataloging agency PPAK
Language of cataloging eng
Transcribing agency PPAK
Description conventions rda
082 04 - DEWEY DECIMAL CLASSIFICATION NUMBER
Classification number 297
Edition number 23
090 00 - LOCALLY ASSIGNED LC-TYPE CALL NUMBER (OCLC); LOCAL CALL NUMBER (RLIN)
Classification number (OCLC) (R) ; Classification number, CALL (RLIN) (NR) 297
Feature heading VON
Feature heading K
100 1# - MAIN ENTRY--PERSONAL NAME
Personal name Von Denffer, Ahmad,
Relator term author
245 10 - TITLE STATEMENT
Title Kerjatangan dan permainan
264 #1 - PRODUCTION, PUBLICATION, DISTRIBUTION, MANUFACTURE, AND COPYRIGHT NOTICE
Place of production, publication, distribution, manufacture Kuala Lumpur :
Name of producer, publisher, distributor, manufacturer Majlis Da'wah Islamiah Serantau Asia Tenggara dan Pasifik ,
Date of production, publication, distribution, manufacture, or copyright notice 1985
300 ## - PHYSICAL DESCRIPTION
Extent 38 pages :
Other physical details colour illustrations ;
Dimensions 21 cm
336 ## - CONTENT TYPE
Source rdacontent
Content type term text
337 ## - MEDIA TYPE
Source rdamedia
Media type term unmediated
338 ## - CARRIER TYPE
Source rdacarrier
Carrier type term volume
650 10 - SUBJECT ADDED ENTRY--TOPICAL TERM
Topical term or geographic name entry element Islamic religious education of children
942 ## - ADDED ENTRY ELEMENTS (KOHA)
-- dc
Koha item type Book
Holdings
Withdrawn Not for loan Current library Shelving location Date acquired Full call number Barcode Date last seen Koha item type
    Perpustakaan Alor Setar Pinjaman Kanak-kanak 14/09/1997 K 297 VON A00058199 08/05/2018 Book
    Perpustakaan Alor Setar Pinjaman Kanak-kanak 14/09/1997 K 297 VON A00058201 08/05/2018 Book
    Perpustakaan Alor Setar Pinjaman Kanak-kanak 14/09/1997 K 297 VON A00058200 08/05/2018 Book
    Perpustakaan Jitra Pinjaman Kanak-kanak 06/11/2003 K 297 VON A00825577 08/05/2018 Book